Statystyki dla Państwa rankingowe

Kliknij tutaj aby rozwiązać quiz!

Ogólne statystyki

  • Ten quiz został rozwiązany 156 razy
    (137 od ostatniego zresetowania)
  • Średni wynik to 7 z 9

Statystyki odpowiedzi

Państwa% Poprawnych
Rosja
99%
Stany Zjednoczone
99%
Chiny
97%
Brazylia
90%
Indie
89%
Meksyk
85%
Indonezja
63%
Iran
59%
Demokratyczna Republika Konga
49%

Rozkład punktacji

Percentyl według liczby udzielonych odpowiedzi

Procent ludzi z każdym wynikiem

Twoja historia wyników

Nie rozwiązałeś tego quizu od ostatniego zresetowania